00373nam a2200145Ia 4500003000500000008004100005020001800046040001900064082000700083100001900090245007100109260002700180300000800207546001200215STCL181203s9999 xx 000 0 und d a9781107648890 aSTCLbENcSTCL 222 aShroff, Gautam 0aEnterprise Cloud Computing: Technology, Architecture, Applications bCambridgeaDelhic2017 a273 aEnglish